| 000 | 00804cab a2200289 4500 | ||
|---|---|---|---|
| 001 | WB2814-40 | ||
| 008 | 090401t1992 xxu||||| |||| 00| 0 eng d | ||
| 035 | _a(Sirsi) u69063 | ||
| 041 | _aeng | ||
| 245 | _aGood design guidance | ||
| 260 | _c1992 | ||
| 350 | _a0 | ||
| 490 |
_aEstates Times _v(1136) 27 March 1992, 10(1) |
||
| 520 | _aAnnex A to PPG1 provides guidelines on good design for development proposals, encouraging a professional, not a subjective approach. | ||
| 650 | _aAESTHETIC CONTROL | ||
| 650 | _aANNEX A | ||
| 650 | _aBUILDINGS | ||
| 650 | _aDESIGN | ||
| 650 | _aPPG1 | ||
| 650 | _aRIBA | ||
| 650 | _aRTPI | ||
| 690 | _aBUILT ENVIRONMENT-CONSTRUCTION DESIGN | ||
| 690 | _aDEVELOPMENT | ||
| 690 | _aPLANNING LAW AND PRACTICE | ||
| 942 | _n0 | ||
| 948 | _c04/03/1997 | ||
| 999 |
_c43381 _d43381 |
||